00754nam a22002297a 45000010005000000030006000050050017000110080041000280200018000690400029000870500015001160820010001311000023001412450040001642600033002043000047002375050007002845200151002915210027004425210019004696500036004886983FISKH20250613144515.0250613b cb ||||| |||| 00| 0 eng d a9788956353197 aFISKHbengcFISKHdFISKH aPZ8.P426 S a398.2 aPerrault, Charles  aSleeping beauty /cCharles Perrault aSeoul : bE-Future, c2009.  a18 pages : bcolor illustrations ; c21 cm aG  aisgruntled at not being invited to the princess' christening, the wicked fairy casts a spell that dooms the princess to sleep for a hundred years.8 a300 bLexile estimate 8 aG bRaz-Plus  aFairy talevThe Evergreen Tales